|
|
|
|
| LEADER |
00000nam0a2200000 4500 |
| 001 |
261385 |
| 005 |
20231101233547.0 |
| 010 |
|
|
|a 9785848101546
|
| 035 |
|
|
|a (RuTPU)RU\TPU\book\284364
|
| 090 |
|
|
|a 261385
|
| 100 |
|
|
|a 20140522d2014 m y0rusy50 ca
|
| 101 |
0 |
|
|a rus
|
| 102 |
|
|
|a RU
|
| 105 |
|
|
|a a j 001zy
|
| 200 |
1 |
|
|a Системный анализ в природопользовании
|e учебное пособие
|f Е. Н. Черемисина, А. А. Никитин
|g Всероссийский научно-исследовательский институт геологических, геофизических и геохимических систем (ВНИИгеосистем) ; Международный университет природы, общества и человека "Дубна", Институт системного анализа и управления (Институт САУ) ; Российский государственный геологоразведочный университет им. Серго Орджоникидзе (РГГРУ)
|
| 210 |
|
|
|a Москва
|c Изд-во ВНИИгеосистем
|d 2014
|
| 215 |
|
|
|a 117 с.
|c ил.
|
| 320 |
|
|
|a Библиогр.: с. 116.
|
| 330 |
|
|
|a Рассмотрены количественные критерии системного анализа для принятия решений в проблемных ситуациях геолого-геофизических исследований в задачах природопользования. Изложена стадийность геологоразведочного процесса с позиции системного анализа. Физико-геологическое моделирование изучаемых объектов представлено как анализ и синтез разнородной информации сложной природы. На основе экспертных систем дано решение слабоформализованных задач природопользования, а для решения неформализованных задач в проблемных ситуациях управления приведены различные критерии системного анализа.Для студентов университетов геологоразведочного профиля при подготовке дипломированных специалистов в области прикладной математики, системного анализа управления.
|
| 606 |
1 |
|
|a Геологоразведочное дело
|2 stltpush
|3 (RuTPU)RU\TPU\subj\6125
|9 34083
|
| 606 |
1 |
|
|a Системный анализ
|2 stltpush
|3 (RuTPU)RU\TPU\subj\42183
|9 61889
|
| 610 |
1 |
|
|a учебные пособия
|
| 610 |
1 |
|
|a природопользование
|
| 610 |
1 |
|
|a геологическая разведка
|
| 610 |
1 |
|
|a физико-геологическое моделирование
|
| 610 |
1 |
|
|a геоинформационные технологии
|
| 610 |
1 |
|
|a экспертные системы
|
| 610 |
1 |
|
|a неформализованные задачи
|
| 610 |
1 |
|
|a слабоформализованные задачи
|
| 675 |
|
|
|a 550.8(075.8)
|v 3
|
| 675 |
|
|
|a 681.51.021(075.8)(075.8)
|v 3
|
| 700 |
|
1 |
|a Черемисина
|b Е. Н.
|g Евгения Наумовна
|
| 701 |
|
1 |
|a Никитин
|b А. А.
|g Алексей Алексеевич
|
| 712 |
0 |
2 |
|a Всероссийский научно-исследовательский институт геологических, геофизических и геохимических систем (ВНИИгеосистем)
|c (Москва)
|c (1991- )
|2 stltpush
|3 (RuTPU)RU\TPU\col\11900
|
| 712 |
0 |
2 |
|a Международный университет природы, общества и человека "Дубна"
|b Институт системного анализа и управления (Институт САУ)
|c (Дубна, Московская обл.)
|2 stltpush
|3 (RuTPU)RU\TPU\col\19726
|
| 712 |
0 |
2 |
|a Российский государственный геологоразведочный университет им. Серго Орджоникидзе (РГГРУ)
|c (Москва)
|c (2005- )
|2 stltpush
|3 (RuTPU)RU\TPU\col\8432
|
| 801 |
|
1 |
|a RU
|b 63413507
|c 20140522
|
| 801 |
|
2 |
|a RU
|b 63413507
|c 20150702
|g RCR
|
| 942 |
|
|
|c BK
|
| 959 |
|
|
|a 88/20140522
|d 5
|e 0
|f ЧЗТЛ:1
|f АНЛ:1
|f УФ:3
|